[Event "Sombor Open - Memorijal Dragana Milicevi"]
[Site "Sombor, Citaonicka 9"]
[Date "2025.10.29"]
[Round "6.8"]
[White "Dragas, Radomir"]
[Black "Bakula, Milan"]
[Result "1-0"]
[WhiteElo "1909"]
[BlackElo "1733"]
[PlyCount "41"]
[EventDate "2025.10.17"]

1. e4 c5 2. Nf3 Nc6 3. d4 cxd4 4. Nxd4 e5 5. Nb3 Be7 6. Be2 Nf6 7. Nc3 O-O 8.
Be3 b6 9. Qd2 Bb4 10. f3 d5 11. exd5 Nxd5 12. O-O Nxe3 13. Qxe3 Be6 14. Kh1
Bxb3 15. axb3 Nd4 16. Bd3 Qc7 17. Nd5 Qd6 18. Nxb4 Qxb4 19. c3 Qxb3 20. cxd4
exd4 21. Bxh7+ 1-0

[Event "Sombor Open - Memorijal Dragana Milicevi"]
[Site "Sombor, Citaonicka 9"]
[Date "2025.10.29"]
[Round "6.9"]
[White "Glamuzina, Jurica"]
[Black "Pek, Istvan"]
[Result "1-0"]
[WhiteElo "1962"]
[BlackElo "1869"]
[PlyCount "99"]
[EventDate "2025.10.17"]

1. e4 c5 2. Nf3 d6 3. c3 e6 4. d4 d5 5. exd5 exd5 6. Bb5+ Bd7 7. Qe2+ Be7 8.
O-O Nf6 9. Ne5 O-O 10. Nxd7 Nbxd7 11. Nd2 a6 12. Bd3 Re8 13. Nf3 Qc7 14. Bg5
Bd6 15. Qc2 h6 16. Bxf6 Nxf6 17. dxc5 Bxc5 18. Rad1 Rad8 19. Qa4 Qd7 20. Qb3
Qc6 21. Bb1 Qb6 22. Qc2 Re7 23. Rd2 Rde8 24. Nd4 Bxd4 25. Rxd4 Re2 26. Rd2 Re1
27. Qd3 Qe6 28. h3 Qe5 29. a3 Qf4 30. g3 Qe5 31. Rxe1 Qxe1+ 32. Kg2 Qc1 33. Ba2
Re5 34. Bb3 Qe1 35. Bd1 Re8 36. Bf3 Re5 37. Qc2 Re8 38. Qd3 Qc1 39. Bxd5 Re1
40. Bxb7 Rh1 41. Bxa6 Qg1+ 42. Kf3 Rxh3 43. Qd8+ Kh7 44. Bd3+ g6 45. Qf8 Qh1+
46. Ke2 Qb7 47. Kd1 Rh1+ 48. Kc2 Ne4 49. Re2 Ng5 50. Re8 1-0

[Event "Sombor Open - Memorijal Dragana Milicevi"]
[Site "Sombor, Citaonicka 9"]
[Date "2025.10.29"]
[Round "6.10"]
[White "Kelic, Dusan"]
[Black "Gajcin, Sinisa"]
[Result "1-0"]
[WhiteElo "1695"]
[BlackElo "1804"]
[PlyCount "60"]
[EventDate "2025.10.17"]

1. e4 c5 2. Nf3 g6 3. d4 cxd4 4. Nxd4 Bg7 5. Bc4 Qb6 6. c3 Nc6 7. Qb3 Qxb3 8.
Nxb3 Nf6 9. f3 O-O 10. Be3 e6 11. N1d2 d5 12. Bd3 dxe4 13. Nxe4 Nd5 14. Bc5 Rd8
15. O-O-O b6 16. Bf2 Bb7 17. g3 Rac8 18. Kb1 f5 19. Ng5 e5 20. Ne6 Rd6 21. Nxg7
Kxg7 22. Be2 Kf6 23. a3 g5 24. h4 h6 25. hxg5+ Kxg5 26. f4+ Kg6 27. Bh5+ Kg7
28. fxe5 Nxe5 29. Bd4 Kf6 30. Rhe1 Re6 1-0

[Event "Sombor Open - Memorijal Dragana Milicevi"]
[Site "Sombor, Citaonicka 9"]
[Date "2025.10.29"]
[Round "6.11"]
[White "Kovacic, Borislav Z"]
[Black "Babac, Zoran"]
[Result "0-1"]
[WhiteElo "1595"]
[BlackElo "1780"]
[PlyCount "82"]
[EventDate "2025.10.17"]

1. e4 c5 2. Nf3 g6 3. c3 d5 4. exd5 Qxd5 5. d4 Bg7 6. Na3 a6 7. Nc4 Nd7 8. Ne3
Qd6 9. Bc4 Ngf6 10. a3 b5 11. Be2 Bb7 12. Qc2 O-O 13. O-O c4 14. h3 e5 15. dxe5
Nxe5 16. Nxe5 Qxe5 17. a4 Qc5 18. b4 Qc7 19. Ng4 Nxg4 20. Bxg4 f5 21. Be2 Be4
22. Qd2 Rad8 23. Qg5 Bxc3 24. Bf4 Be5 25. Bxe5 Qxe5 26. f4 Qf6 27. axb5 axb5
28. Ra5 Qxg5 29. fxg5 Rd2 30. Bf3 Rd5 31. h4 Bxf3 32. Rxf3 Re8 33. Rf4 c3 34.
Rf2 Rd2 35. Ra1 Re4 36. Ra8+ Kf7 37. Ra7+ Re7 38. Rxe7+ Kxe7 39. Rf1 c2 40. Kh2
Rd1 41. Rf2 c1=Q 0-1

[Event "Sombor Open - Memorijal Dragana Milicevi"]
[Site "Sombor, Citaonicka 9"]
[Date "2025.10.29"]
[Round "6.13"]
[White "Siladjev, Nemanja"]
[Black "Basaric, Ana"]
[Result "1/2-1/2"]
[WhiteElo "1499"]
[BlackElo "1584"]
[PlyCount "47"]
[EventDate "2025.10.17"]

1. c4 c5 2. Nc3 Nc6 3. e3 e5 4. g3 g6 5. Bg2 Bg7 6. Nge2 Nge7 7. O-O O-O 8. f4
d6 9. Nd5 Be6 10. Nec3 exf4 11. Rxf4 Ne5 12. Nxe7+ Qxe7 13. Nd5 Qd7 14. Qc2
Rab8 15. d4 Nc6 16. Nf6+ Bxf6 17. Bxc6 bxc6 18. Rxf6 cxd4 19. exd4 Bf5 20. Qc3
Qe7 21. Bg5 Qe2 22. Re1 Qxb2 23. Qxb2 Rxb2 24. Rxd6 1/2-1/2

[Event "Sombor Open - Memorijal Dragana Milicevi"]
[Site "Sombor, Citaonicka 9"]
[Date "2025.10.31"]
[Round "7.1"]
[White "Stojanovski, Branko"]
[Black "Kurcubic, Drago"]
[Result "1/2-1/2"]
[WhiteElo "1926"]
[BlackElo "2177"]
[PlyCount "142"]
[EventDate "2025.10.17"]

1. b4 e5 2. Bb2 d6 3. g3 Nf6 4. Bg2 c6 5. c4 Be6 6. d3 Be7 7. Nf3 O-O 8. e4 h6
9. O-O Nbd7 10. Nbd2 Qb6 11. a3 a5 12. Bc3 axb4 13. axb4 Rfd8 14. Qc2 Qc7 15.
Qb2 Nh7 16. Rxa8 Rxa8 17. Ra1 Rxa1+ 18. Qxa1 f5 19. Qa8+ Kf7 20. Qa1 Nhf6 21.
c5 fxe4 22. cxd6 Bxd6 23. dxe4 Qb6 24. Qa5 Qxa5 25. bxa5 Bc7 26. Bf1 Ke7 27.
Ne1 Nc5 28. f3 Na4 29. Bb4+ c5 30. Bb5 cxb4 31. Bxa4 Bxa5 32. Nd3 Kd6 33. f4
Nd7 34. f5 Ba2 35. Bxd7 Bb6+ 36. Kf1 Kxd7 37. Nxe5+ Ke7 38. Nec4 Bd4 39. Na5
Bc3 40. Ke2 b6 41. Nab3 Kd6 42. Kd3 Ke5 43. Nf3+ Kf6 44. Kc2 Be5 45. Ne1 Bc3
46. Nd3 h5 47. h3 Be5 48. g4 hxg4 49. hxg4 Bc3 50. Ndc1 Bxb3+ 51. Nxb3 Kg5 52.
Kd3 Kxg4 53. Kc4 Kf4 54. Kd5 Bb2 55. Nd2 Ba1 56. Nb3 Bc3 57. Nc1 Bd2 58. Nb3
Be3 59. Na1 Kg5 60. Ke6 Bd4 61. Nb3 Bc3 62. Nc1 Kf4 63. Kd5 Ke3 64. Nb3 Kd3 65.
e5 Bxe5 66. Kxe5 Kc3 67. Nd4 b3 68. Nxb3 Kxb3 69. Ke6 b5 70. Kf7 b4 71. Kxg7
Kc2 1/2-1/2

[Event "Sombor Open - Memorijal Dragana Milicevi"]
[Site "Sombor, Citaonicka 9"]
[Date "2025.10.31"]
[Round "7.2"]
[White "Vujnovic, Igor"]
[Black "Babic, Damir M"]
[Result "1/2-1/2"]
[WhiteElo "1927"]
[BlackElo "2148"]
[PlyCount "37"]
[EventDate "2025.10.17"]

1. e4 e5 2. Nc3 Nf6 3. f4 d5 4. fxe5 Nxe4 5. Qf3 Nxc3 6. dxc3 Be7 7. Bf4 c6 8.
O-O-O Qa5 9. Kb1 Na6 10. Ne2 Be6 11. Nd4 Nc7 12. Be3 Qa4 13. Be2 g6 14. Rhf1
O-O-O 15. Nxe6 fxe6 16. Qf7 Rde8 17. Rd4 Qa5 18. Bh6 c5 19. Rdd1 1/2-1/2

[Event "Sombor Open - Memorijal Dragana Milicevi"]
[Site "Sombor, Citaonicka 9"]
[Date "2025.10.31"]
[Round "7.3"]
[White "Skrobonja, Sinisa"]
[Black "Kolompar, Ivan"]
[Result "1-0"]
[WhiteElo "1943"]
[BlackElo "2036"]
[PlyCount "77"]
[EventDate "2025.10.17"]

1. g3 d5 2. Bg2 Nf6 3. d3 e5 4. a3 Bc5 5. b4 Bd4 6. c3 Bb6 7. h3 O-O 8. Nd2 c6
9. Bb2 Re8 10. e3 Bf5 11. e4 Bg6 12. Qc2 a5 13. Ngf3 h6 14. O-O Nbd7 15. c4
dxe4 16. dxe4 Qe7 17. c5 Bc7 18. Nh4 Nf8 19. Nc4 axb4 20. axb4 Bh7 21. Nf5 Bxf5
22. exf5 Nd5 23. Qd2 Nh7 24. Rfe1 Rad8 25. Bxe5 Nhf6 26. Bd6 Qd7 27. g4 Ra8 28.
Rxa8 Rxa8 29. f4 Ra4 30. g5 Ne8 31. Bxd5 Nxd6 32. cxd6 cxd5 33. dxc7 Qxc7 34.
Re8+ Kh7 35. Ne5 hxg5 36. fxg5 g6 37. Qf2 Qc1+ 38. Kh2 Qxg5 39. fxg6+ 1-0

[Event "Sombor Open - Memorijal Dragana Milicevi"]
[Site "Sombor, Citaonicka 9"]
[Date "2025.10.31"]
[Round "7.4"]
[White "Travica, Robert"]
[Black "Stefanac, Marko"]
[Result "1-0"]
[WhiteElo "2030"]
[BlackElo "1847"]
[PlyCount "91"]
[EventDate "2025.10.17"]

1. e4 e5 2. Nf3 Nf6 3. d4 Nxe4 4. dxe5 d5 5. Nbd2 Bf5 6. Bd3 Nc6 7. Qe2 Bb4 8.
O-O Bxd2 9. Bxd2 Nxd2 10. Qxd2 Bg4 11. Qf4 Bxf3 12. Qxf3 O-O 13. Qh3 g6 14. f4
f5 15. c3 Qd7 16. Rad1 Qe6 17. Bc2 Rad8 18. Qf3 Kg7 19. Bb3 Ne7 20. Kh1 c5 21.
Rf2 b5 22. Rfd2 c4 23. Bc2 Rd7 24. h3 h5 25. a4 a6 26. Qf2 Rc8 27. axb5 axb5
28. Ra1 Rb7 29. Bd1 b4 30. Bf3 bxc3 31. bxc3 Rd8 32. Rda2 Rdb8 33. Kh2 Qb6 34.
Qh4 Qe3 35. Re2 Qxc3 36. Ra6 Qd4 37. Re6 Ng8 38. Qg5 Rb6 39. Qxg6+ Kf8 40.
Qxf5+ Kg7 41. Qg5+ Kf8 42. Rxb6 Rxb6 43. Qd8+ Kg7 44. Bxd5 Nh6 45. Qe7+ Kg6 46.
Be4+ 1-0

[Event "Sombor Open - Memorijal Dragana Milicevi"]
[Site "Sombor, Citaonicka 9"]
[Date "2025.10.31"]
[Round "7.5"]
[White "Dombrovski, Mihajlo"]
[Black "Dragas, Radomir"]
[Result "1/2-1/2"]
[WhiteElo "2006"]
[BlackElo "1909"]
[PlyCount "99"]
[EventDate "2025.10.17"]

1. d3 e5 2. g3 d5 3. Nf3 Nc6 4. Bg2 Nf6 5. O-O Be7 6. c3 O-O 7. b4 a6 8. Qc2 h6
9. Nbd2 Bf5 10. e4 Bh7 11. Bb2 d4 12. a3 dxc3 13. Qxc3 Bd6 14. Nc4 Re8 15. Nxd6
Qxd6 16. Rfe1 Rad8 17. Rad1 Nd4 18. Nxd4 exd4 19. Qb3 c6 20. h3 Nd7 21. f4 Nb6
22. Kh2 Qe6 23. Qc2 Kh8 24. f5 Qd6 25. Bc1 f6 26. Bf4 Qd7 27. g4 Bg8 28. Bg3
Qf7 29. Rd2 Nd7 30. Rb1 Ne5 31. Qb2 Qd7 32. Qc1 Qe7 33. Qc5 Qd6 34. a4 Qxc5 35.
bxc5 Rd7 36. Kg1 Bf7 37. Bf4 Kh7 38. Kf2 g6 39. Bf1 gxf5 40. gxf5 Bh5 41. Rdb2
Ree7 42. Bxe5 fxe5 43. Be2 Bxe2 44. Kxe2 Rg7 45. Kf3 h5 46. h4 Kh6 47. Rg2 Rxg2
48. Kxg2 a5 49. Kf3 Rg7 50. Rb2 1/2-1/2

[Event "Sombor Open - Memorijal Dragana Milicevi"]
[Site "Sombor, Citaonicka 9"]
[Date "2025.10.31"]
[Round "7.6"]
[White "Ivosevic, Nikola"]
[Black "Glamuzina, Jurica"]
[Result "0-1"]
[WhiteElo "1892"]
[BlackElo "1962"]
[PlyCount "62"]
[EventDate "2025.10.17"]

1. d4 e6 2. c4 d5 3. Nf3 Nf6 4. Nc3 Be7 5. Bg5 O-O 6. e3 Nbd7 7. Bd3 c5 8. O-O
b6 9. Ne5 Bb7 10. f4 a6 11. f5 Qc7 12. Bf4 Bd6 13. Nxf7 Bxf4 14. Rxf4 cxd4 15.
Rxd4 e5 16. Rxd5 Nxd5 17. cxd5 Rxf7 18. Qd2 Nf6 19. e4 Qc5+ 20. Kf1 Rc8 21. h3
Nh5 22. Ne2 Qd6 23. Re1 Nf4 24. Nxf4 exf4 25. a4 Re8 26. Bc4 Qe5 27. d6 Kf8 28.
Bxf7 Kxf7 29. Qb4 Bxe4 30. Qc4+ Kf6 31. d7 Bd3+ 0-1

[Event "Sombor Open - Memorijal Dragana Milicevi"]
[Site "Sombor, Citaonicka 9"]
[Date "2025.10.31"]
[Round "7.8"]
[White "Lin, Zhengyuan"]
[Black "Delija, Dragan"]
[Result "0-1"]
[WhiteElo "1701"]
[BlackElo "1862"]
[PlyCount "52"]
[EventDate "2025.10.17"]

1. e4 c6 2. d4 d5 3. exd5 cxd5 4. h3 Nf6 5. Nf3 Nc6 6. Nc3 Bf5 7. Bd3 Bxd3 8.
Qxd3 e6 9. Bf4 Rc8 10. O-O Be7 11. Qb5 Qd7 12. Rac1 a6 13. Qa4 O-O 14. Rfd1 Ra8
15. Ne5 Qc8 16. Ne2 b5 17. Qb3 Ne4 18. a3 Na5 19. Qd3 Nd6 20. b3 f6 21. Ng4 Qd7
22. Qe3 Nf5 23. Qf3 Rac8 24. Ng3 Nxg3 25. Bxg3 Bxa3 26. Rb1 Rxc2 0-1

[Event "Sombor Open - Memorijal Dragana Milicevi"]
[Site "Sombor, Citaonicka 9"]
[Date "2025.10.31"]
[Round "7.9"]
[White "Babac, Zoran"]
[Black "Kelic, Dusan"]
[Result "1-0"]
[WhiteElo "1780"]
[BlackElo "1695"]
[PlyCount "49"]
[EventDate "2025.10.17"]

1. Nf3 Nc6 2. d4 d5 3. e3 Nf6 4. Bd3 Bg4 5. Nbd2 e5 6. dxe5 Nxe5 7. Be2 Nxf3+
8. Nxf3 Bb4+ 9. c3 Ba5 10. Qa4+ c6 11. b4 Bc7 12. Qc2 O-O 13. h3 Bh5 14. Bb2
Ne4 15. c4 Bg6 16. Bd3 Re8 17. O-O Ng5 18. Nxg5 Qxg5 19. Bxg6 hxg6 20. cxd5
Rxe3 21. fxe3 Qg3 22. Rf3 Qh2+ 23. Kf2 Re8 24. Rf1 cxd5 25. Bd4 1-0

[Event "Sombor Open - Memorijal Dragana Milicevi"]
[Site "Sombor, Citaonicka 9"]
[Date "2025.10.31"]
[Round "7.12"]
[White "Basaric, Ana"]
[Black "Kovacic, Borislav Z"]
[Result "1-0"]
[WhiteElo "1584"]
[BlackElo "1595"]
[PlyCount "67"]
[EventDate "2025.10.17"]

1. c4 c5 2. Nc3 e6 3. e3 Nf6 4. g3 d5 5. cxd5 exd5 6. d4 Nc6 7. Bg2 Bf5 8. dxc5
Nb4 9. Qa4+ Nc6 10. Nge2 Bxc5 11. O-O O-O 12. Nd4 Bd7 13. Qd1 Qc8 14. Nxd5 Bg4
15. Nxf6+ gxf6 16. Qa4 Nxd4 17. exd4 Bd7 18. Qb3 Bb6 19. Be3 Bf5 20. Rac1 Qd8
21. Bh6 Re8 22. Qf3 Bg6 23. Rfd1 f5 24. Qc3 Re7 25. Bg5 Re1+ 26. Rxe1 Qxg5 27.
Bxb7 Rd8 28. d5 f4 29. d6 Bf5 30. Re5 Qg4 31. Bf3 Qg6 32. Rce1 fxg3 33. Re8+
Rxe8 34. Rxe8# 1-0

[Event "Sombor Open - Memorijal Dragana Milicevi"]
[Site "Sombor, Citaonicka 9"]
[Date "2025.10.31"]
[Round "7.13"]
[White "Kokai, Lea"]
[Black "Siladjev, Nemanja"]
[Result "0-1"]
[WhiteElo "1427"]
[BlackElo "1499"]
[PlyCount "116"]
[EventDate "2025.10.17"]

1. e4 c5 2. d4 cxd4 3. Qxd4 Nc6 4. Qd3 Nf6 5. Nc3 e5 6. Nf3 Bb4 7. Be3 O-O 8.
O-O-O Qa5 9. a3 Bxc3 10. Qxc3 Qxc3 11. bxc3 Nxe4 12. c4 f5 13. Rg1 f4 14. Bd2
Nxf2 15. Re1 e4 16. Re2 exf3 17. Rxf2 fxg2 18. Rfxg2 g6 19. h4 d6 20. h5 Bh3
21. Rg5 Bxf1 22. Rxf1 Ne5 23. Rxf4 Rxf4 24. Bxf4 Nf7 25. Rg2 Kg7 26. hxg6 hxg6
27. Kd2 Rc8 28. Kc3 d5 29. Kd3 dxc4+ 30. Kd4 Kf6 31. Rf2 Ke6 32. c3 Nd6 33.
Bxd6 Kxd6 34. Rf6+ Kd7 35. Rxg6 a6 36. Rg7+ Kc6 37. Kxc4 Kb6+ 38. Kb3 Rc5 39.
a4 Rf5 40. Rg1 Ka5 41. Rb1 Rf4 42. c4 Rf3+ 43. Kc2 b6 44. Ra1 Kb4 45. Rb1+ Kc5
46. Rb3 Rf4 47. Kc3 Rxc4+ 48. Kd3 Rxa4 49. Rc3+ Kd5 50. Kc2 Rc4 51. Rxc4 Kxc4
52. Kb2 Kb4 53. Ka2 a5 54. Kb2 b5 55. Ka2 Kc3 56. Kb1 Kb3 57. Kc1 Ka2 58. Kc2
b4 0-1

[Event "Sombor Open - Memorijal Dragana Milicevi"]
[Site "Sombor, Citaonicka 9"]
[Date "2025.11.03"]
[Round "8.1"]
[White "Kurcubic, Drago"]
[Black "Travica, Robert"]
[Result "1/2-1/2"]
[WhiteElo "2177"]
[BlackElo "2030"]
[PlyCount "180"]
[EventDate "2025.10.17"]

1. e4 e5 2. Nf3 Nc6 3. Bc4 Bc5 4. c3 Nf6 5. d3 d6 6. O-O O-O 7. Be3 a6 8. Bb3
Ba7 9. Nbd2 Be6 10. Bxa7 Rxa7 11. Re1 h6 12. Nf1 Ne7 13. Ng3 Ng6 14. d4 Qc8 15.
Qd2 Ra8 16. c4 c5 17. d5 Bd7 18. Bc2 Qd8 19. Nf5 Bxf5 20. exf5 Ne7 21. Kh1 Kh8
22. g4 Neg8 23. g5 Nh5 24. Rg1 Nf4 25. Rg4 hxg5 26. h4 Nh6 27. Rxg5 f6 28. Rg3
Qe8 29. Rag1 Qh5 30. Qe3 Nxf5 31. Bxf5 Qxf5 32. Rxg7 Rg8 33. R7g3 Qh7 34. Rg4
Rxg4 35. Rxg4 Qf5 36. Nh2 Rg8 37. Rxg8+ Kxg8 38. Qg3+ Kf7 39. Ng4 Qg6 40. Kh2
f5 41. Ne3 Qh5 42. Ng2 Ng6 43. Kh3 Qe2 44. b3 b5 45. f3 Qd2 46. h5 Ne7 47. Kh4
Qh6 48. Qg5 Qf6 49. h6 Qg6 50. Qh5 Qxh5+ 51. Kxh5 Kf6 52. Ne3 Ng6 53. cxb5 axb5
54. a4 bxa4 55. bxa4 Nf4+ 56. Kh4 Ng6+ 57. Kh3 Ne7 58. a5 f4 59. h7 Kg7 60. a6
Nc8 61. Nf5+ Kxh7 62. Nxd6 Nb6 63. a7 Kg6 64. Nc4 Na8 65. d6 Kf6 66. d7 Ke7 67.
Nxe5 c4 68. Nxc4 Kxd7 69. Kg4 Kc7 70. Kxf4 Kb7 71. Ne3 Nc7 72. Ke5 Kxa7 73. Kd6
Ne8+ 74. Ke7 Ng7 75. Kf7 Nh5 76. Ng2 Kb7 77. Kg6 Ng3 78. Kg5 Kc7 79. f4 Kd7 80.
Ne3 Ke8 81. Kg4 Ne4 82. Nc4 Kf7 83. Kf5 Ng3+ 84. Ke5 Kg7 85. Nd6 Kg6 86. Ke6
Kh7 87. Ne8 Kg6 88. Nf6 Kg7 89. Ng4 Kg8 90. Nh6+ Kf8 1/2-1/2

[Event "Sombor Open - Memorijal Dragana Milicevi"]
[Site "Sombor, Citaonicka 9"]
[Date "2025.11.03"]
[Round "8.2"]
[White "Skrobonja, Sinisa"]
[Black "Stojanovski, Branko"]
[Result "1-0"]
[WhiteElo "1943"]
[BlackElo "1926"]
[PlyCount "67"]
[EventDate "2025.10.17"]

1. g3 f5 2. Bg2 Nf6 3. d3 g6 4. Nc3 Bg7 5. Nf3 d6 6. Nh4 c6 7. Bg5 Nbd7 8. Qd2
O-O 9. Bh6 Ne5 10. Bxg7 Kxg7 11. Nf3 Nxf3+ 12. Bxf3 e5 13. e4 Qe7 14. h3 fxe4
15. dxe4 Be6 16. O-O-O Ne8 17. Bg4 Qf6 18. Rdf1 Bc4 19. Be2 Bxe2 20. Nxe2 Qf3
21. h4 h6 22. Kb1 Qxe4 23. f4 Qd5 24. Qe3 c5 25. h5 Qe6 26. hxg6 Qxg6 27. fxe5
Rxf1+ 28. Rxf1 Qg5 29. Qf3 Qe7 30. Qg4+ Kh7 31. Qf5+ Kg7 32. Nf4 Nc7 33. Qg6+
Kh8 34. exd6 1-0

[Event "Sombor Open - Memorijal Dragana Milicevi"]
[Site "Sombor, Citaonicka 9"]
[Date "2025.11.03"]
[Round "8.3"]
[White "Dragas, Radomir"]
[Black "Babic, Damir M"]
[Result "0-1"]
[WhiteElo "1909"]
[BlackElo "2148"]
[PlyCount "44"]
[EventDate "2025.10.17"]

1. e4 e5 2. Nf3 Nc6 3. Bb5 Nf6 4. O-O Nxe4 5. d4 Nd6 6. Bxc6 dxc6 7. dxe5 Nf5
8. Qxd8+ Kxd8 9. Nc3 Ke8 10. Bf4 Be6 11. a3 h5 12. Rad1 Be7 13. h3 a5 14. Ng5
Rh6 15. Nxe6 Rxe6 16. Rd3 g5 17. Bh2 g4 18. Ne4 Rd8 19. Rfd1 Rxd3 20. Rxd3 c5
21. hxg4 hxg4 22. Nf6+ Bxf6 0-1

[Event "Sombor Open - Memorijal Dragana Milicevi"]
[Site "Sombor, Citaonicka 9"]
[Date "2025.11.03"]
[Round "8.4"]
[White "Glamuzina, Jurica"]
[Black "Dombrovski, Mihajlo"]
[Result "0-1"]
[WhiteElo "1962"]
[BlackElo "2006"]
[PlyCount "99"]
[EventDate "2025.10.17"]

1. e4 e6 2. d4 d5 3. Nd2 Nc6 4. Ngf3 Nf6 5. e5 Nd7 6. c3 f6 7. Bb5 a6 8. Bxc6
bxc6 9. O-O fxe5 10. dxe5 c5 11. Nb3 a5 12. Bg5 Be7 13. Bxe7 Qxe7 14. Re1 O-O
15. Nbd2 Rf4 16. Qe2 Ba6 17. Qe3 Raf8 18. Rad1 a4 19. a3 g5 20. h3 Qg7 21. Nf1
g4 22. hxg4 Rxg4 23. Ng3 h5 24. Nh2 Rg5 25. Nf3 Rg6 26. Rd2 Bb7 27. Kf1 h4 28.
Nh5 Ba6+ 29. Kg1 Rxg2+ 30. Kh1 Qg4 31. Nh2 Rxh2+ 32. Kxh2 Qxh5 33. Rg1+ Kh7 34.
f4 Rg8 35. Rdg2 Rxg2+ 36. Rxg2 Bf1 37. Rf2 Bc4 38. Rg2 Ba2 39. Qd3+ Qf5 40. Qf3
Bb1 41. Rg5 Qc2+ 42. Kh3 Qd3 43. Qxd3+ Bxd3 44. Kxh4 Nb6 45. Rg2 Be4 46. Rf2 d4
47. Kg3 d3 48. f5 Bxf5 49. Rxf5 exf5 50. e6 0-1

[Event "Sombor Open - Memorijal Dragana Milicevi"]
[Site "Sombor, Citaonicka 9"]
[Date "2025.11.03"]
[Round "8.6"]
[White "Delija, Dragan"]
[Black "Ivosevic, Nikola"]
[Result "0-1"]
[WhiteElo "1862"]
[BlackElo "1892"]
[PlyCount "90"]
[EventDate "2025.10.17"]

1. Nf3 c5 2. c3 Nc6 3. d4 cxd4 4. cxd4 d5 5. Bf4 Nf6 6. e3 Bg4 7. Be2 e6 8. O-O
Bd6 9. Bxd6 Qxd6 10. Nbd2 O-O 11. Rc1 Rac8 12. a3 h6 13. Re1 Rfd8 14. b4 a6 15.
Nb3 Ne4 16. Nc5 Nxc5 17. dxc5 Qe7 18. Nd4 Nxd4 19. exd4 Bxe2 20. Rxe2 Qd7 21.
Qd3 Qb5 22. Qc2 Qd7 23. Re3 Rc6 24. Qd2 Ra8 25. Rce1 b5 26. Rg3 Kh8 27. h4 a5
28. Qe2 Rca6 29. Qg4 f5 30. Qe2 axb4 31. axb4 Ra1 32. Kh2 Qe7 33. Kh3 Rxe1 34.
Qxe1 Qf6 35. Qe5 Ra1 36. Kh2 Qxh4+ 37. Rh3 Qg5 38. Qe3 Qf6 39. f4 Kg8 40. Qd2
Kf7 41. g3 Qe7 42. Kg2 Qa7 43. Qe3 Ra2+ 44. Kf1 Ra1+ 45. Kf2 Ra3 0-1

[Event "Sombor Open - Memorijal Dragana Milicevi"]
[Site "Sombor, Citaonicka 9"]
[Date "2025.11.03"]
[Round "8.7"]
[White "Knezevic, Janko"]
[Black "Stefanac, Marko"]
[Result "1/2-1/2"]
[WhiteElo "1834"]
[BlackElo "1847"]
[PlyCount "83"]
[EventDate "2025.10.17"]

1. e4 e5 2. Nf3 Nf6 3. d4 Nxe4 4. Nxe5 d5 5. Be3 Bd6 6. Nd2 Bxe5 7. dxe5 Bf5 8.
Nxe4 Bxe4 9. f3 Bf5 10. h4 Nc6 11. Bb5 a6 12. Bg5 Qd7 13. Bxc6 Qxc6 14. c3 h6
15. Be3 O-O-O 16. Qd2 Rhe8 17. f4 g5 18. hxg5 hxg5 19. fxg5 Rxe5 20. O-O Qc4
21. Rf4 Qb5 22. a4 Qd7 23. b4 Rde8 24. Bf2 Re2 25. Qd4 R8e4 26. Rxe4 Bxe4 27.
Qh8+ Qd8 28. Qxd8+ Kxd8 29. Rc1 Ra2 30. a5 Rc2 31. Rxc2 Bxc2 32. Bd4 Kd7 33.
Kf2 Kc6 34. Ke3 Kb5 35. Kd2 Be4 36. g3 b6 37. axb6 cxb6 38. Kc1 a5 39. bxa5
Kxa5 40. Kd2 Kb5 41. Ke3 Kc6 42. Be5 1/2-1/2

[Event "Sombor Open - Memorijal Dragana Milicevi"]
[Site "Sombor, Citaonicka 9"]
[Date "2025.11.03"]
[Round "8.10"]
[White "Siladjev, Nemanja"]
[Black "Pek, Istvan"]
[Result "1/2-1/2"]
[WhiteElo "1499"]
[BlackElo "1869"]
[PlyCount "20"]
[EventDate "2025.10.17"]

1. c4 e5 2. Nc3 Nf6 3. e3 c6 4. Nge2 d5 5. cxd5 cxd5 6. d4 e4 7. Nf4 Be7 8. Qb3
O-O 9. Ncxd5 Nc6 10. Nxe7+ Qxe7 1/2-1/2

[Event "Sombor Open - Memorijal Dragana Milicevi"]
[Site "Sombor, Citaonicka 9"]
[Date "2025.11.03"]
[Round "8.11"]
[White "Bakula, Milan"]
[Black "Kelic, Dusan"]
[Result "0-1"]
[WhiteElo "1733"]
[BlackElo "1695"]
[PlyCount "45"]
[EventDate "2025.10.17"]

1. c4 e5 2. Nc3 Nf6 3. e4 c6 4. Nf3 d6 5. Be2 Be7 6. d4 exd4 7. Nxd4 O-O 8. h3
h6 9. Be3 Re8 10. Qd2 Bf8 11. f3 Nh7 12. O-O-O a6 13. h4 c5 14. Nf5 Bxf5 15.
exf5 Nf6 16. Bd3 Nc6 17. g4 Ne5 18. Qg2 Nexg4 19. Bxc5 Ne3 20. Bxe3 Rxe3 21.
Rhe1 Qb6 22. Qc2 Rae8 23. Be4 0-1

[Event "Sombor Open - Memorijal Dragana Milicevi"]
[Site "Sombor, Citaonicka 9"]
[Date "2025.11.03"]
[Round "8.15"]
[White "Mitrovic, Nenad Dj"]
[Black "Kokai, Lea"]
[Result "1/2-1/2"]
[WhiteElo "1569"]
[BlackElo "1427"]
[PlyCount "67"]
[EventDate "2025.10.17"]

1. e4 d6 2. d4 Nf6 3. Nc3 e5 4. Nf3 Nbd7 5. Bg5 Be7 6. Qd2 c6 7. h3 Qb6 8. Rb1
h6 9. Be3 c5 10. dxe5 dxe5 11. Bc4 Qd6 12. Rd1 Qxd2+ 13. Rxd2 O-O 14. Nh4 Nxe4
15. Nxe4 Bxh4 16. Nd6 Nb6 17. Bd3 Bg5 18. Re2 Bxe3 19. Rxe3 Rd8 20. Nxc8 Raxc8
21. Rxe5 Re8 22. Re2 Rxe2+ 23. Bxe2 c4 24. O-O c3 25. b3 Rd8 26. Bd3 Nd7 27.
Re1 Kf8 28. Re3 Nc5 29. Be2 Rd2 30. Rxc3 Rxe2 31. Rxc5 Re1+ 32. Kh2 Rb1 33. a4
Rb2 34. Kg3 1/2-1/2

[Event "Sombor Open - Memorijal Dragana Milicevi"]
[Site "Sombor, Citaonicka 9"]
[Date "2025.11.05"]
[Round "9.1"]
[White "Vujnovic, Igor"]
[Black "Kurcubic, Drago"]
[Result "0-1"]
[WhiteElo "1927"]
[BlackElo "2177"]
[PlyCount "106"]
[EventDate "2025.10.17"]

1. e4 c6 2. d4 d5 3. exd5 cxd5 4. h3 Nf6 5. Nf3 g6 6. Bd3 Bg7 7. O-O Nc6 8. c3
O-O 9. Re1 Be6 10. Nbd2 Qc8 11. Ne5 Bf5 12. Qc2 Nxd4 13. Qb1 Bxd3 14. Qxd3 Ne6
15. Ndf3 Nc5 16. Qb5 e6 17. Be3 Ncd7 18. Bd4 Nxe5 19. Nxe5 Ne4 20. f3 Nd6 21.
Qe2 Qc7 22. a4 Nf5 23. Bf2 Bxe5 24. Qxe5 Qxe5 25. Rxe5 Rfc8 26. g4 Nd6 27. Bd4
Nc4 28. Re2 Rc6 29. g5 Nd6 30. Kf2 Nf5 31. Bf6 Rc4 32. b3 Rh4 33. Kg2 Rc8 34.
Rd1 h6 35. gxh6 Rxh6 36. Rd3 g5 37. Be5 f6 38. Bd4 Kf7 39. Bxa7 Rch8 40. c4
Rxh3 41. Bg1 g4 42. cxd5 exd5 43. Rc3 gxf3+ 44. Rxf3 R3h5 45. Rc3 Rg5+ 46. Kf2
Rh1 47. Re1 Nh4 48. Rcc1 Rg2+ 49. Ke3 Rh3+ 50. Kd4 Nf3+ 51. Kxd5 Nxe1 52. Rxe1
Rh1 53. Bf2 Rh5+ 0-1

[Event "Sombor Open - Memorijal Dragana Milicevi"]
[Site "Sombor, Citaonicka 9"]
[Date "2025.11.05"]
[Round "9.2"]
[White "Babic, Damir M"]
[Black "Travica, Robert"]
[Result "1-0"]
[WhiteElo "2148"]
[BlackElo "2030"]
[PlyCount "45"]
[EventDate "2025.10.17"]

1. d4 d5 2. c4 e6 3. Nf3 Nf6 4. Nc3 Be7 5. Bg5 h6 6. Bxf6 Bxf6 7. e3 O-O 8. Qc2
dxc4 9. Bxc4 c5 10. O-O Nd7 11. Rad1 Qa5 12. Qe4 cxd4 13. exd4 Nb6 14. Bd3 g6
15. Ne5 Bxe5 16. dxe5 Bd7 17. Qf4 Bc6 18. Rfe1 Nd5 19. Qxh6 Nxc3 20. Bxg6 fxg6
21. Qxg6+ Kh8 22. Rd3 Bf3 23. Rd7 1-0